Sports Quiz

Random Sports Quiz

The NL Lineups from Opening Day 2000 Quiz Stats

 Plays Quiz not verified by Sporcle

Also try: Big 4 Top 75
Challenge
Share
Tweet
Embed
Score 0/160 Timer 14:00
0 Plays Today
% Correct
Chipper Jones
98.4%
Andruw Jones
98.4%
Randy Johnson
96.2%
Davey Johnson
95.9%
Luis Gonzalez
95.3%
Alex Gonzalez
95.3%
Jeff Bagwell
93.7%
Craig Biggio
93.4%
Barry Bonds
92.4%
Sammy Sosa
91.8%
Todd Helton
90.5%
Larry Walker
89.9%
Travis Lee
89.2%
Mike Piazza
89.2%
Jeff Kent
88%
Bobby Cox
86.1%
Jay Bell
85.8%
Greg Maddux
85.8%
Derek Bell
85.8%
Buddy Bell
85.1%
Jason Kendall
84.5%
Barry Larkin
83.2%
Preston Wilson
82.6%
Vladimir Guerrero
82.3%
Luis Castillo
81.6%
Gary Sheffield
81.3%
Moises Alou
81%
Felipe Alou
81%
Mark Grace
79.1%
Andres Galarraga
77.8%
Eric Young
77.8%
Dmitri Young
77.8%
Scott Rolen
77.8%
Kevin Young
77.8%
Tony Gwynn
76.9%
Dusty Baker
76.6%
Aramis Ramirez
76.3%
Brian Giles
75.6%
Tony Womack
74.4%
Ken Griffey, Jr.
74.4%
Shawn Green
72.8%
Kevin Brown
72.5%
Dante Bichette
72.2%
Brant Brown
72.2%
Henry Rodriguez
71.8%
Jon Lieber
71.5%
Jose Vidro
71.5%
Edgar Renteria
71.5%
Eddie Perez
70.9%
Neifi Perez
70.9%
Ken Caminiti
70.9%
Tony LaRussa
70.6%
Steve Finley
69.9%
Jose Hernandez
69.6%
% Correct
Carlos Hernandez
69.6%
Livan Hernandez
69.6%
Ryan Klesko
69.3%
Mike Lieberthal
69%
Geoff Jenkins
68.7%
Robin Ventura
68.7%
Jim Edmonds
68.7%
Bobby Valentine
66.8%
Reggie Sanders
65.8%
Aaron Boone
65.8%
Bret Boone
65.8%
Jeromy Burnitz
64.6%
Eric Karros
63.9%
Mike Lowell
63.6%
Edgardo Alfonzo
63.6%
Rey Ordonez
63%
J.T. Snow
63%
Mike Hampton
62.7%
Brian Jordan
62.3%
Al Martin
62.3%
Damian Miller
62%
Devon White
62%
Rondell White
62%
Rich Aurilia
62%
Kevin Jordan
61.7%
Todd Zeile
61.4%
Richard Hidalgo
60.8%
Walt Weiss
60.4%
Eric Davis
60.1%
Orlando Cabrera
59.5%
Bruce Bochy
59.5%
Doug Glanville
57.6%
Rickey Henderson
57.3%
Buck Showalter
55.7%
Fernando Vina
55.1%
Ray Lankford
55.1%
Mike Matheny
55.1%
Marquis Grissom
54.1%
Ellis Burks
54.1%
Ron Gant
53.8%
Damian Jackson
53.5%
Phil Nevin
53.2%
Pokey Reese
50.9%
Darryl Kile
50.6%
Shane Reynolds
50.3%
Todd Hundley
50.3%
Adrian Beltre
50.3%
Cliff Floyd
48.1%
Jeff Cirillo
46.8%
Fernando Tatis
46.8%
Darryl Hamilton
45.6%
Don Baylor
44.3%
Quilvio Veras
44%
Bill Mueller
44%
% Correct
Jack McKeon
43.4%
Jason Schmidt
42.7%
Joe Girardi
41.8%
Mark Grudzielanek
41.8%
Rico Brogna
41.5%
Michael Barrett
41.1%
Larry Dierker
40.2%
Erubiel Durazo
39.9%
Alex Fernandez
39.9%
Marvin Benard
39.6%
Terry Francona
39.2%
Ed Taubensee
36.7%
Pete Harnisch
34.5%
Mark Loretta
32.6%
Lee Stevens
32.3%
Ronnie Belliard
31%
Jeffrey Hammonds
30.7%
Mike Lansing
30.1%
Tom Goodwin
29.4%
Pedro Astacio
29.4%
Desi Relaford
29.4%
Andy Ashby
29.1%
Tony Eusebio
28.8%
Lenny Harris
28.2%
Peter Bergeron
28.2%
Kevin Millar
27.8%
Michael Tucker
27.5%
Davey Lopes
26.3%
Henry Blanco
25.6%
Wil Cordero
25.6%
Pat Meares
25.3%
Brent Mayne
24.4%
Sterling Hitchcock
23.4%
Mike Redmond
22.2%
Shane Andrews
20.3%
Kevin Elster
20.3%
Chris Widger
20.3%
Dustin Hermanson
19.6%
Damon Buford
19.3%
Tim Bogar
19.3%
Bobby Estalella
18.7%
Gene Lamont
17.7%
John Boles
17.4%
Craig Paquette
14.6%
Chad Hermansen
14.2%
Kevin Sefcik
13.3%
Bill Spiers
12.7%
Kevin Barker
11.7%
Steve Woodard
11.7%
Mike Benjamin
11.4%
Ruben Rivera
9.8%
Jose Nieves
6%

You're not logged in!

Compare scores with friends on all Sporcle quizzes.
Join for Free
OR
Log In

You Might Also Like...

Show Comments

Extras

Created Jul 26, 2010SourceReportNominate

Top Quizzes Today


Score Distribution

Your Account Isn't Verified!

In order to create a playlist on Sporcle, you need to verify the email address you used during registration. Go to your Sporcle Settings to finish the process.

Report this User

Report this user for behavior that violates our Community Guidelines.

Details: